01527nam a2200409 i 450000100060000000300080000600500170001400600190003100700150005000800410006502000280010603500220013404000310015605000210018708000080020808200150021610000190023124501020025026400640035230000530041633600310046933700330050033800430053349000270057650000220060358800830062559001620070865000270087065000320089765000170092965000180094665500270096479700180099183000280100985600630103799900170110092539FINmELB20241217172126.0m o d | cr cnu||||||||171026s2017 mx o 001 0 spa d a9786071651075q(e-book) a(OCoLC)1145091020 aFINmELBbspaerdacFINmELB 4aQA244bA189 2017 a5120 a512.742231 aAczel, Amir D.13aEl último teorema de Fermat :bel secreto de un antiguo problema matemático /cAmir D. Aczel. 1aMéxico D.F. :bFCE - Fondo de Cultura Económica,c2017. a1 recurso en línea (184 páginas sin numerar) atextobtxt2rdacontent/spa acomputadorabc2rdamedia/spa arecurso en líneabcr2rdacarrier/spa1 aCiencia y tecnología aIncluye índice. aDescripción basada en metadatos suministrados por el editor y otras fuentes. aRecurso electrónico. Santa Fe, Arg.: elibro, 2020. Disponible vía World Wide Web. El acceso puede estar limitado para las bibliotecas afiliadas a elibro. 0aFermat's last theorem. 4aÚltimo teorema de Fermat. 0aMathematics. 4aMatemática. 4aLibros electrónicos.2 aelibro, Corp. 0aCiencia y tecnología.40uhttps://elibro.net/ereader/politecnicointernacional/109351 c92539d92539